One Piece - Quiz Personnages #3 - Statistiques

Statistiques générales
  • Ce quiz a été pris 212 fois
  • Le résultat moyen est 13 sur 16
Statistiques - réponses
Par images Réponse % Correct
Sabo
99%
Shanks
99%
Ener
95%
Ivankov
93%
Cobra
86%
Kuro
85%
Burgess
84%
Spandam
82%
Diamante
73%
Kaloo
73%
Dalton
68%
Dellinger
66%
Iceberg
66%
Camie
64%
Kokoro
62%
Smack
58%
Aucun quiz correspondant
Distribution des résultats
% des personnes avec chaque résultat
Percentile par nombre de réponses
Votre historique - résultats
Vous n’avez pas pris ce quiz